| 000 -ლიდერი |
| ფიქსირებული სიგრძის საკონტროლო ველი |
01171nam a2200289Ia 4500 |
| 001 - საკონტროლო ნომერი |
| საკონტროლო ველი |
3552 |
| 003 - საკონტროლო ნომრის იდენტიფიკატორი |
| საკონტროლო ველი |
GE_BSU |
| 005 - ბოლო ოპერაციის თარიღი და დრო |
| საკონტროლო ველი |
20190620151758.0 |
| 008 - ფიქსირებული სიგრძის მონაცემთა ელემენტები - ზოგადი ინფორმაცია |
| ფიქსირებული სიგრძის საკონტროლო ველი |
181216s2001||||ge |||||||||||||| ||geo|| |
| 020 ## - წიგნის საერთაშორისო სტანდარტული ნომერი |
| International Standard Book Number |
9992848405 |
| 040 ## - კატალოგიზაციის წყარო |
| Transcribing agency |
GE_BSU |
| 041 ## - ენის კოდი |
| Language code of text/sound track or separate title |
geo |
| 080 ## - უნივერსალური ათობითი კლასიფიკაციის ინდექსი |
| Universal Decimal Classification number |
581.9(479.223) დ–15 |
| 100 ## - მთავარი ჩანაწერი - პიროვნების სახელი |
| Personal name |
დავითაძე, მურმან |
| 9 (RLIN) |
2516 |
| 245 ## - ცნობა სათაურის შესახებ |
| Title |
აჭარის ადვენტური ფლორა / |
| Statement of responsibility, etc |
რედ.: ოთარ შაინიძე ; ბათუმის სახ. უნ-ტი. |
| 264 ## - წარმოების, გამოცემის, დისტრიბუციის და სხვა ცნობები |
| გამოცემის, წარმოების, დისტრიბუციის... ადგილი |
ბათუმი : |
| გამოცემის, წარმოების, დისტრიბუციის... სახელწოდება |
ბათუმის უნივერსიტეტი, |
| გამოცემის, წარმოების, დისტრიბუციის... თარიღი |
2001. |
| 300 ## - ფიზიკური აღწერა |
| Extent |
200 გვ. : |
| Other physical details |
სურ. |
| Dimensions |
21 სმ. |
| 504 ## - BIBLIOGRAPHY, ETC. NOTE |
| Bibliography, etc |
ბიბლიოგრ.:გვ.185-198. |
| 520 ## - SUMMARY, ETC. |
| Summary, etc |
რეზ. რუს. ენ. |
| 653 ## - INDEX TERM--UNCONTROLLED |
| Uncontrolled term |
აჭარის მცენარეულობა |
| 653 ## - INDEX TERM--UNCONTROLLED |
| Uncontrolled term |
არქეოფიტები |
| 653 ## - INDEX TERM--UNCONTROLLED |
| Uncontrolled term |
კენოფიტები |
| 653 ## - INDEX TERM--UNCONTROLLED |
| Uncontrolled term |
ნეოფიტები |
| 653 ## - INDEX TERM--UNCONTROLLED |
| Uncontrolled term |
ევნეოფიტები |
| 700 ## - ADDED ENTRY--PERSONAL NAME |
| Personal name |
შაინიძე, ოთარ |
| Relator term |
რედაქტორი |
| 9 (RLIN) |
2657 |
| 942 ## - ADDED ENTRY ELEMENTS (KOHA) |
| Koha item type |
წიგნი |
| Source of classification or shelving scheme |
|